=LDR 00000nam 2200000 4500 =001 $a INLIS000000000008240 =005 $a 20260423063235 =008 $a 260423################d##########1#ind## =022 ##$$a =035 ##$$a 0010-0426000002 =082 ##$$a 899 =084 ##$$a 899 Din J =100 #$$a dinda =245 ##$$a Judul Besar $b $c Dinda =247 ##$$a =260 ##$$a Jakarta $b self $c 2026 =300 ##$$a 35 hlm. $b ilus. $c 21 cm. $e =310 ##$$a =321 ##$$a =520 #$$a =650 #$$a Novel =700 #$$a =856 ##$$a =Wor $a 1